El dolor universal; tomos 1 y 2 /
Guardado en:
| Autor Principal: | |
|---|---|
| Formato: | Libro |
| Publicado: |
Valencia :
Sempere, 0
|
| Materias: | |
| Etiquetas: |
Agregar Etiqueta
Sin Etiquetas, Sea el primero en etiquetar este registro!
|
| LEADER | 00495nam a22001815a 4500 | ||
|---|---|---|---|
| 001 | CEM.cems002384 | ||
| 005 | 20060217000000.0 | ||
| 008 | 130507b######################000#0#####d | ||
| 003 | CEMS | ||
| 082 | 0 | 4 | |a 335.8 |
| 100 | 1 | |a Faure, Sebastian | |
| 245 | 1 | 0 | |a El dolor universal; tomos 1 y 2 / |
| 260 | |a Valencia : |b Sempere, 0 | ||
| 300 | |a 415 p. | ||
| 653 | |a Anarquismo | ||
| 653 | |a Proletariado | ||
| 653 | |a Sindicalismo y anarquismo | ||
| 859 | |a CEMS |b BIB. CEMS - 11 de abril |h 335.8 |i F274 |p 10545.81 |t Ej.1 | ||
